| 000 | 01204nam a22002297a 4500 | ||
|---|---|---|---|
| 003 | IT-MiCISF | ||
| 005 | 20250919111628.0 | ||
| 008 | 250919b |||||||| |||| 00| 0 eng d | ||
| 040 | _cIT-MiCISF | ||
| 041 | _ait | ||
| 100 |
_aCarrĂ Elisabetta, Boccacin Lucia (a cura di) _962623 |
||
| 245 | _aThink Family, Act Family | ||
| 250 | _a"Studi interdisciplinari sulla famiglia", n. 35 | ||
| 260 | _c2024 | ||
| 300 | _app. IX-245 | ||
| 310 | _aannuale | ||
| 500 | _afamiglia, diritto, psicologia, statistica, politica-familiare, previdenze-per-famiglia, metodo-d'indagine, comparazione, lavoro, teoria, giovani, cura, carcere | ||
| 650 | _aFamiglia | ||
| 654 | _arivista | ||
| 700 |
_aAmadini M., Bellani D., Bertoni A., Bissola R., Boccacin L., Bonanomi A., Cadei L., CarrĂ E., Damiola S., Donato S., Facchin F., Fusar Poli C., _aIafrate R., Limongelli P., Lopez Narbona A.M., Lopez G., Luppi F., Mazzucchelli S., Molgora S., Mussetto G., Nicolussi A., Ortega Gaspar M., _aPaolino C., Parise M., Pavesi N., Perali F., Pesenti L., Portonera G., Regalia C., Rivellini G., Rosnati R., Rusconi C., Saita E., Sorge A., Tabacchi A., _aTruscello G., Vagnini D., Zini P. _962624 |
||
| 942 |
_2ddc _cCR |
||
| 999 |
_c360627 _d360627 |
||